01018cam a2200301 a 450000100090000000300040000900500170001300800410003001000170007102000180008802500270010603500270013303700530016004000180021304200150023104300120024605000240025808200200028210000200030224500540032226000410037630000510041750400540046852000910052265000230061365000300063665100500066616857616OSt20230919101810.0110603s2011 ii ab b 000 0 eng  a 2011323892 a9780670085699 aI-E-2011-323892; 69-92 a(IN-NdUBS) 2011323892 bLibrary of Congress -- New Delhi Overseas Office aDLCcDLCdDLC alcodeapcc aa-ii---00aHX393.5b.R676 2011 a954.0532bROY/S1 aRoy, Arundhati.10aBroken republic :bthree essays /cArundhati Roy. aNew Delhi :bHamish Hamilton,c2011. axii, 220 p. :bcol. ill., 1 col. map ;c20 cm. aIncludes bibliographical references (p. 215-220). aOn Naxalite movement and Indian state's counter insurgency methods and other policies. 0aNaxalite movement. 0aCounterinsurgencyzIndia. 0aIndiaxPolitics and governmenty21st century.